000 00582cam a2200145 4500500
005 20260208010143.0
041 _afre
042 _adc
100 1 0 _aPich, Edgard
_eauthor
245 0 0 _aAUGUSTE POULET-MALASSIS, Lettres à Charles Asselineau (1854-1873) . Paris, Honoré Champion, 2012. Un vol. de 325 p.
260 _c2014.
500 _a90
786 0 _nRevue d'histoire littéraire de la France | 114 | 1 | 2014-03-01 | p. 223k-244k | 0035-2411
856 4 1 _uhttps://shs.cairn.info/revue-d-histoire-litteraire-de-la-france-2014-1-page-223k?lang=fr&redirect-ssocas=7080
999 _c1655351
_d1655351